| 000 | 00431pab a2200169 454500 | ||
|---|---|---|---|
| 008 | 180718b2010 xxu||||| |||| 00| 0 eng d | ||
| 100 | _aPope, Devin G. | ||
| 245 | _aGeographic variation in the gender differences in test scores | ||
| 260 | _c2010 | ||
| 300 | _ap.95-108. | ||
| 362 | _aSpring | ||
| 650 | _aWomen | ||
| 700 | _aSydnor, Justin R. | ||
| 773 | _aJournal of Economic Perspectives | ||
| 908 | _aN | ||
| 909 | _a87084 | ||
| 999 |
_c87084 _d87084 |
||